Modern political constitutions / (Record no. 67042)

MARC details
000 -LEADER
fixed length control field 00580nam a22001697a 4500
005 - DATE AND TIME OF LATEST TRANSACTION
control field 20120522150950.0
020 ## - INTERNATIONAL STANDARD BOOK NUMBER
International Standard Book Number 819009971X
Terms of availability 170.00
035 ## - SYSTEM CONTROL NUMBER
System control number B-62341
037 ## - SOURCE OF ACQUISITION
Stock number DPL
Source of stock number/acquisition ENG
100 ## - MAIN ENTRY--PERSONAL NAME
Personal name Bhattacharyya, Dinesh Chandra
245 ## - TITLE STATEMENT
Title Modern political constitutions /
Statement of responsibility, etc by Dinesh Chandra Bhattacharyya
250 ## - EDITION STATEMENT
Edition statement 7th rev. and enl. ed.
260 ## - PUBLICATION, DISTRIBUTION, ETC. (IMPRINT)
Place of publication, distribution, etc Calcutta
Name of publisher, distributor, etc Vijoya Publishing House
Date of publication, distribution, etc 2000
300 ## - PHYSICAL DESCRIPTION
Extent v, 756p.
Dimensions 18 cms.
942 ## - ADDED ENTRY ELEMENTS (KOHA)
Source of classification or shelving scheme Dewey Decimal Classification
Item type English Books
Classification part 342
Call number suffix BHA
Holdings
Withdrawn status Lost status Not for loan Collection code Home library Current library Date acquired Cost, normal purchase price Full call number Barcode Cost, replacement price Koha item type
      Non-fiction Sarojini Nagar Sarojini Nagar 22/05/2012 170.00 342 BHA B-62341 170.00 English Books

© Delhi Public Library
Hit Counter
free hit counter